| 000 | 00417cam a2200169ua 4500 | ||
|---|---|---|---|
| 020 | _c15.00 | ||
| 041 |
_ahin _h |
||
| 082 |
_a891.43 _bIND/NI |
||
| 100 | _aIndranadh , Madhan . | ||
| 245 |
_aNibandh aur nibandh / _cIndhranadh Madhan. _hTextual Documents |
||
| 260 |
_aDelhi : _bBansal and company , _c1966. |
||
| 300 | _a304 ; . | ||
| 365 | _a15.00 | ||
| 504 | _a | ||
| 942 | _cBK | ||
| 999 |
_c11482 _d11482 |
||